Retrouve l'élément grâce à ses différentes sortes - Statistiques

Statistiques générales
  • Ce quiz a été pris 22 fois
  • Le résultat moyen est 30 sur 50
Statistiques - réponses
Sortes Element % Correct
De crédit, du monde, à jouer... Carte
100%
De poche, de chevet, à lave... Lampe
89%
Portable, fixe, à touche... Téléphone
89%
De soleil, de vue, d'aviateur... Lunettes
84%
A laver, à coudre, à écrire... Machine
84%
A la turque, publiques, handicapées... Toilettes
84%
De bowling, de pétanque, de billard... Boule
79%
De voiture, des champs, à molette... Clé
79%
De vie, plate, de Cologne... Eau
79%
De mer, polaire, filante... Etoile
79%
De société, vidéo, de réflexion... Jeu
79%
De nuit, de bain, phrygien... Bonnet
74%
Noir, serré, au lait... Café
74%
De paille, de cowboy, de feutre... Chapeau
74%
De berger, de troupeau, d'aveugle... Chien
74%
Payés, maternité, annuels... Congé
74%
Sèche, basse, électrique... Guitare
74%
D'avion, de poulet, d'ange... Aile
68%
De tri, aéré, de loisirs... Centre
68%
De téléphone, de commande, de matricule... Numéro
68%
De mauvais augure, de paradis, de proie... Oiseau
68%
Wikipédia, jaune, de couverture... Page
68%
Toilette, millimétré, mâché... Papier
68%
Conceptuel, moderne, contemporain... Art
63%
De croisière, de pêche, de plaisance... Bateau
63%
A oreille, à bouche, d'égout... Bouche
63%
De moto, de chantier, de pompier... Casque
63%
De pluie, de sueur, de sang... Goutte
63%
A pied, de vin,de l'amitié.. Verre
63%
A secrets, à musique, à gâteau... Boîte
58%
De couleur, de papier, gris... Crayon
58%
De karaté, de sang, de courant... Prise
58%
De la pluie, de salon, du ventre... Danse
53%
De joie, de route, de détresse... Feu
53%
De poche, de cuisine, policier... Livre
53%
D'encre, froid, bleu... Sang
53%
De noeud, de lit, de mule... Tête
53%
D'est, de mer, de panique... Vent
53%
Marin, d'air, de pensée... Courant
47%
Téléphonique, d'air, de phare, Appel
42%
De téléphone, de bateau, de noix... Coque
42%
Topographique, bancaire, d'empreinte... Relevé
42%
De marche, de réglisse, de pluie... Bâton
37%
De bricolage, d'alimentation, de jouets... Magasin
37%
D'accès, de ski, d'avion... Rampe
32%
De chien, de réaction, de digestion... Temps
32%
De guet, de garde, d'ivoire... Tour
32%
Dur, de stationnement, d'or... Disque
21%
De route, d'arbre, blanche... Feuille
21%
De cocagne, de naissance, de l'est... Pays
5%
Aucun quiz correspondant
Distribution des résultats
% des personnes avec chaque résultat
Percentile par nombre de réponses
Votre historique - résultats
Vous n’avez pas pris ce quiz